00811nam a22002177a 4500003000400000005001700004008004100021020001800062040001400080041000800094082001300102100004900115245001500164264004300179300007400222490001500296521022000311650002300531650002000554650001900574OSt20250225154821.0250225b ||||| |||| 00| 0 spa d a9786287658219 cCO-Mq BPB aspa aJHbQUIN a Lavado, Joaquin (Quino);d1932-2020,eautor aMafalda 10 aBogotá;bPenguin Random House,c2024 a96 paginas;bTapa rustica, ilustraciones a blanco y negroc19 x 13 cm aVolumen 10 aA través de Mafalda y sus amigos Quino reflexiona con humor crítico e inteligente sobre la política, la economía y la sociedad en general. Malfalda ha sido traducida y publicada en varios idiomas y países. aHistorieta juvenil aTiras cómicas aObra universal